Fundamentals of magetism and electricity (Record no. 188508)

000 -LEADER
fixed length control field 00361nam a2200121Ia 4500
008 - FIXED-LENGTH DATA ELEMENTS--GENERAL INFORMATION
fixed length control field 220217s9999||||xx |||||||||||||| ||und||
020 ## - INTERNATIONAL STANDARD BOOK NUMBER
International Standard Book Number 9788121909556
100 ## - MAIN ENTRY--PERSONAL NAME
Personal name Vasudeva, D.N
9 (RLIN) 10213
245 #0 - TITLE STATEMENT
Title Fundamentals of magetism and electricity
260 ## - PUBLICATION, DISTRIBUTION, ETC.
Place of publication, distribution, etc. S.Chand and company
Name of publisher, distributor, etc. New Delhi
Date of publication, distribution, etc. 2018
300 ## - PHYSICAL DESCRIPTION
Extent VII, 944p.
Other physical details 525
650 ## - SUBJECT ADDED ENTRY--TOPICAL TERM
Topical term or geographic name entry element Field theory
9 (RLIN) 12971
Holdings
Withdrawn status Lost status Damaged status Not for loan Collection code Home library Current library Shelving location Date acquired Barcode Date last seen Price effective from Koha item type
        Electronics and Communication Engineering Central Library Central Library Reference 02/18/2022 23697 02/18/2022 02/18/2022 Books

Powered by Koha